000 00943nam a22002777a 4500
005 20170417125342.0
010 _aENG-109142
020 _a9788171772605
_c1595.00
035 _aEN-92675
035 _aB-536697
035 _aB-667537
037 _bDBAD/PUB
037 _bKBD/Ven
_adpl
082 _a346.5402
100 _aDutt,Ashok C.
245 _aDutt on contract :
_bthe Indian contract act, 1872
_cby H.K.Saharay
250 _a11th ed.
260 _aKolkata
_bEastern Law House
_c2013
270 _a54Ganesh Chunder Avenue
_bKolkta
_e700013
300 _a115,1202p.
_c25cm(Hb)
500 _aIncludes index
700 _aSaharay, H.K.
942 _2ddc
_cEN
_mDUT
_h346.5402
999 _c82045
_d82045